| 000 | 01586nam a2200421 c 4500 | ||
|---|---|---|---|
| 999 |
_c50659 _d50659 |
||
| 001 | 50659 | ||
| 003 | ES-MaCES | ||
| 005 | 20180412131901.0 | ||
| 008 | 180412s2018 sp |||| | 000 ||spa d | ||
| 017 |
_aGR 151-2018 _bDL |
||
| 020 | _a9788490456453 | ||
| 040 |
_aES-MaCES _bspa _cES-MaCES |
||
| 245 | 0 | 3 |
_aLa externalización productiva a través de la subcontratación empresarial _b: aspectos laborales y de Seguridad Social _cJosé Luis Monereo Pérez, Salvador Perán Quesada (dirs.) ; [autores], Barroso, Fábio Túlio ... [et al.] |
| 260 |
_aGranada _bComares _c2018 |
||
| 300 |
_aVIII, 518 p. _c24 cm |
||
| 490 | 1 |
_aCrítica del derecho. Sección Derecho vivo _v52 |
|
| 504 | _aBibliografía | ||
| 541 | _cCompra | ||
| 650 | 4 |
_asubcontratación _928256 |
|
| 650 | 4 |
_atrabajo subcontratado _928310 |
|
| 650 | 4 |
_acontrata _929009 |
|
| 650 | 4 |
_aglobalización económica _930653 |
|
| 650 | 4 |
_arelaciones laborales _928369 |
|
| 650 | 4 |
_alegislación del trabajo _927166 |
|
| 650 | 4 |
_alegislación de seguridad social _929855 |
|
| 650 | 4 |
_aderecho del trabajo _927165 |
|
| 650 | 4 |
_aderecho comparado _929868 |
|
| 650 | 4 |
_aEspaña _926964 |
|
| 650 | 4 |
_arégimen jurídico _929894 |
|
| 653 | 1 | 0 | _aDerecho del trabajo y Seguridad Social |
| 700 | 1 |
_918830 _aMonereo Pérez, José Luis _edir. |
|
| 700 | 1 |
_920658 _aPerán Quesada, Salvador _edir. |
|
| 700 | 1 |
_936275 _aLavilla Rubira, Juan José |
|
| 700 | 1 |
_939029 _aBarroso, Fábio Túlio |
|
| 830 | 0 |
_aCrítica del derecho _pSección Derecho vivo _v52 _933298 |
|
| 902 | _aLIB Libro | ||
| 942 |
_2CES _cBK _h6.0.1. |
||